| 000 | 00429nam a2200145Ia 4500 | ||
|---|---|---|---|
| 008 | 230917s9999||||xx |||||||||||||| ||und|| | ||
| 040 |
_e171970 _aMAIN |
||
| 041 | _aEnglish | ||
| 082 | _a891.431721 VR691S | ||
| 100 | _aविजयवर्गीय, राम गोपाल | ||
| 245 | 0 | _aसहस् दल | |
| 260 |
_aजयपुर _bसाहित्यागार _c1998 |
||
| 300 | _a90 पृ. p. | ||
| 942 | _cHN | ||
| 999 |
_c108243 _d108243 |
||